[Event "54th Biel GM 2021"]
[Site "Biel SUI"]
[Date "2021.07.28"]
[Round "2.4"]
[White "Kamsky, Gata"]
[Black "Lagarde, Maxime"]
[Result "1/2-1/2"]
[WhiteTitle "GM"]
[BlackTitle "GM"]
[WhiteElo "2658"]
[BlackElo "2648"]
[WhiteFideId "2000024"]
[BlackFideId "662399"]
[EventDate "2021.07.27"]

1. e4 c5 2. Nf3 d6 3. Bb5+ Nd7 4. a4 Nf6 5. Nc3 e6 6. O-O Be7 7. a5 a6 8. Be2
Qc7 9. d4 cxd4 10. Qxd4 Ne5 11. Rd1 Bd7 12. Be3 Rc8 13. h3 h6 14. Qd2 Qb8 15.
Bd4 Bc6 16. Qe3 Nfd7 17. Na2 O-O 18. Nb4 Nxf3+ 19. Qxf3 Ne5 20. Qe3 Be8 21. c3
Ng6 22. Ba7 Qc7 23. Bb6 Qb8 24. Ba7 Qc7 25. Bb6 Qb8 26. Ba7 Qc7 1/2-1/2

[Event "54th Biel GM 2021"]
[Site "Biel SUI"]
[Date "2021.07.29"]
[Round "3.2"]
[White "Alekseenko, Kirill"]
[Black "Kamsky, Gata"]
[Result "1/2-1/2"]
[WhiteTitle "GM"]
[BlackTitle "GM"]
[WhiteElo "2699"]
[BlackElo "2658"]
[WhiteFideId "4135539"]
[BlackFideId "2000024"]
[EventDate "2021.07.27"]

1. e4 Nf6 2. e5 Nd5 3. d4 d6 4. Nf3 dxe5 5. Nxe5 c6 6. h3 g6 7. Bc4 Bg7 8. O-O
O-O 9. Re1 Nd7 10. Nf3 e6 11. Bg5 Qc7 12. Qc1 b5 13. Bxd5 cxd5 14. Bf4 Qb6 15.
Bh6 Bb7 16. Bxg7 Kxg7 17. Qe3 Rfe8 18. Nbd2 f6 19. c3 Bc6 20. b4 e5 21. dxe5
fxe5 22. Nb3 Qxe3 23. Rxe3 Rac8 24. Rae1 Kf6 25. Na5 a6 26. Nd4 Nb8 27. Ndb3 d4
28. cxd4 exd4 29. Rxe8 Bxe8 30. Nxd4 Bf7 31. a3 Rc3 32. Re3 Rc1+ 33. Kh2 Nd7 34.
Ne2 Rc2 35. Nc3 Kg7 36. Ne4 Bd5 37. Nc3 Bf7 38. Ne4 Bd5 39. Kg3 Nf6 40. Nxf6
Kxf6 41. Nb3 g5 42. Nd4 Rc4 43. Nf3 Bxf3 44. Rxf3+ Ke6 45. Rf8 h5 46. Rh8 h4+
47. Kf3 Kf5 48. Rf8+ Kg6 49. Re8 Kf5 50. Re3 a5 51. bxa5 Ra4 52. Ke2 Rxa5 53.
Kd2 Ra4 54. Rb3 Kf6 55. g3 g4 56. hxg4 hxg3 57. Rxg3 b4 58. axb4 Rxb4 59. f3 Kg5
60. Rg1 Kf4 61. Rf1 Rb3 62. Ke2 Ke5 1/2-1/2

[Event "54th Biel GM 2021"]
[Site "Biel SUI"]
[Date "2021.08.02"]
[Round "5.3"]
[White "Pichot, Alan"]
[Black "Kamsky, Gata"]
[Result "0-1"]
[WhiteTitle "GM"]
[BlackTitle "GM"]
[WhiteElo "2630"]
[BlackElo "2658"]
[WhiteFideId "110973"]
[BlackFideId "2000024"]
[EventDate "2021.07.27"]

1. e4 c6 2. d4 d5 3. e5 Bf5 4. h4 Qb6 5. g4 Bd7 6. h5 c5 7. dxc5 Qxc5 8. c3 Nh6
9. Be2 Nc6 10. Be3 Qa5 11. f4 f6 12. b4 Qc7 13. b5 Nd8 14. Qxd5 Nxg4 15. Bd4 Nh6
16. Qc4 Qa5 17. Nd2 Rc8 18. Qd5 e6 19. Qb3 Nf5 20. h6 g6 21. exf6 Nxd4 22. cxd4
Bb4 23. Rd1 O-O 24. Nf3 Rc3 25. Qb1 Bxb5 26. Qe4 Bc6 27. Qe5 Rxf3 0-1

[Event "54th Biel GM 2021"]
[Site "Biel SUI"]
[Date "2021.08.02"]
[Round "5.4"]
[White "Nihal, Sarin"]
[Black "Keymer, Vincent"]
[Result "1/2-1/2"]
[WhiteTitle "GM"]
[BlackTitle "GM"]
[WhiteElo "2620"]
[BlackElo "2591"]
[WhiteFideId "25092340"]
[BlackFideId "12940690"]
[EventDate "2021.07.27"]

1. d4 Nf6 2. c4 e6 3. Nc3 Bb4 4. e3 c5 5. Ne2 d5 6. a3 Ba5 7. dxc5 dxc4 8. Bd2
O-O 9. Ng3 b6 10. Bxc4 bxc5 11. Qc2 Nbd7 12. O-O Bb7 13. Rad1 h5 14. Nge4 Qc7
15. Nxf6+ Nxf6 16. f3 Qe5 17. Ne2 Bxd2 18. Qxd2 Bd5 19. Bxd5 exd5 20. b4 c4 21.
Nc3 Rfd8 22. Rfe1 Rab8 23. Qd4 Qe7 24. b5 Rd7 25. a4 Qb4 26. Ra1 Qa5 27. Ne2 Qc7
28. Nc3 Qa5 29. Ne2 Qc7 30. Nc3 Qa5 31. Ne2 Qc7 32. Reb1 Rd6 33. a5 Re6 34. Nf4
Rd6 35. Ne2 Re6 36. Nc3 Qe7 37. Re1 Qc7 38. Reb1 Qe7 39. Re1 Qc7 40. Ra2 Rbe8
41. h4 Kh7 42. Ree2 Kg8 43. Ra1 Kh7 44. Raa2 Kg8 45. Ra1 Kh7 1/2-1/2